STYLES & TRENDS- THE START-UP DECISION. (Record no. 351260)
[ view plain ]
| 000 -LEADER | |
|---|---|
| fixed length control field | 00559nam a22001937a 4500 |
| 003 - CONTROL NUMBER IDENTIFIER | |
| control field | OSt |
| 005 - DATE AND TIME OF LATEST TRANSACTION | |
| control field | 20180116183041.0 |
| 008 - FIXED-LENGTH DATA ELEMENTS--GENERAL INFORMATION | |
| fixed length control field | 160223b xxu||||| |||| 00| 0 eng d |
| 020 ## - INTERNATIONAL STANDARD BOOK NUMBER | |
| International Standard Book Number | 23-006-90-1 |
| 040 ## - CATALOGING SOURCE | |
| Transcribing agency | Lahore University of Management Sciences. |
| 050 ## - LIBRARY OF CONGRESS CALL NUMBER | |
| Classification number | 174.4 |
| 082 ## - DEWEY DECIMAL CLASSIFICATION NUMBER | |
| Classification number | 174.4 LUMS 1990 |
| 100 ## - MAIN ENTRY--PERSONAL NAME | |
| Personal name | Riaz,Aalia. |
| 245 ## - TITLE STATEMENT | |
| Title | STYLES & TRENDS- THE START-UP DECISION. |
| Remainder of title | Case Studies. |
| Statement of responsibility, etc. | KHAN W M. |
| 260 ## - PUBLICATION, DISTRIBUTION, ETC. | |
| Place of publication, distribution, etc. | Lahore. |
| Name of publisher, distributor, etc. | Lahore University of Management Sciences. |
| Date of publication, distribution, etc. | 1990. |
| 300 ## - PHYSICAL DESCRIPTION | |
| Extent | 35p. |
| 500 ## - GENERAL NOTE | |
| General note | Paper Cover |
| 942 ## - ADDED ENTRY ELEMENTS (KOHA) | |
| Source of classification or shelving scheme | |
| Koha item type | Case Studies |
| Call number prefix | 174.4 |
| Withdrawn status | Lost status | Source of classification or shelving scheme | Damaged status | Not for loan | Collection code | Permanent Location | Current Location | Shelving location | Date acquired | Total Checkouts | Full call number | Barcode | Date last seen | Date last checked out | Price effective from | Koha item type |
|---|---|---|---|---|---|---|---|---|---|---|---|---|---|---|---|---|
| Central Library (CL) | Central Library (CL) | Reference | 02/23/2016 | 1 | 174.4 LUMS 1990 | NBS10093 | 04/04/2016 | 02/25/2016 | 02/23/2016 | Case Studies |
